000 00395pab a2200157 454500
008 180718b2000 xxu||||| |||| 00| 0 eng d
100 _aDandavate, Madhu
245 _aConstitutional review: keep the basic structure intact
260 _c2000
300 _ap.5,7
362 _a19 Feb
650 _aIndia - Constitution
650 _aConstitutions
773 _aYoung Indian
909 _a43893
999 _c43893
_d43893